Orientación: programa de estudio quinto año básico NB3
Enregistré dans:
| Format: | Livre |
|---|---|
| Langue: | espagnol |
| Publié: |
Santiago
Ministerio de Educación
1998
|
| Collection: | Educación Básica, 5
|
| Sujets: | |
| Tags: |
Ajouter un tag
Pas de tags, Soyez le premier à ajouter un tag!
|
MARC
| LEADER | 00000nam a2200000 a 4500 | ||
|---|---|---|---|
| 001 | UCP0672 | ||
| 003 | CL-VaPUC | ||
| 008 | 990319e19980000CL |||||||||||||||||spa|d | ||
| 020 | |a 9567405638 | ||
| 082 | 0 | 4 | |a 372.8 |b MIN |2 21 |
| 245 | 1 | 0 | |a Orientación: programa de estudio quinto año básico NB3 |
| 300 | |a 45 p | ||
| 942 | |c BK | ||
| 945 | |d 19990319 00:00:00 |a rbrito | ||
| 260 | |a Santiago |b Ministerio de Educación |c 1998 | ||
| 650 | 7 | |a ORIENTACION EDUCACIONAL |2 CL-VaPUC |9 312512 | |
| 650 | 0 | |a Educación básica |9 224933 | |
| 650 | 0 | |a Orientación vocacional |9 255692 | |
| 650 | 0 | |a Métodos de enseñanza |9 270413 | |
| 650 | 0 | |a Reforma educacional |9 256319 | |
| 583 | |a last modification |c 20140410 08:50:37 |k Rodrigo Vera | ||
| 490 | 0 | |a Educación Básica, 5 | |
| 999 | |c 279432 |d 279430 | ||
| 952 | |0 0 |1 0 |4 0 |6 372_800000000000000_MIN_1998 |7 0 |8 R |9 318829 |a BIBEDU |b BIBEDU |d 2019-11-20 |i 377824K |o 372.8 MIN 1998 |p 377824K |r 2019-11-20 |w 2019-11-20 |y BK_R |k EPE | ||
| 952 | |0 0 |1 0 |4 0 |6 372_800000000000000_MIN_1998 |7 0 |8 R |9 318830 |a BIBEDU |b BIBEDU |d 2019-11-20 |i 3778258 |o 372.8 MIN 1998 |p 3778258 |r 2019-11-20 |w 2019-11-20 |y BK_R |k EPE | ||
| 952 | |0 0 |1 0 |4 0 |6 372_800000000000000_MIN_1998 |7 0 |8 R |9 318831 |a BIBEDU |b BIBEDU |d 2019-11-20 |i 3850161 |o 372.8 MIN 1998 |p 3850161 |r 2019-11-20 |w 2019-11-20 |y BK_R |k EPE | ||
| 952 | |0 0 |1 0 |4 0 |6 372_800000000000000_MIN_1998 |7 0 |8 R |9 318832 |a BIBEDU |b BIBEDU |d 2019-11-20 |i 385017K |o 372.8 MIN 1998 |p 385017K |r 2019-11-20 |w 2019-11-20 |y BK_R |k EPE | ||
| 952 | |0 0 |1 0 |4 0 |6 372_800000000000000_MIN_1998 |7 0 |8 R |9 318833 |a BIBEDU |b BIBEDU |d 2019-11-20 |i 3860337 |o 372.8 MIN 1998 |p 3860337 |r 2019-11-20 |w 2019-11-20 |y BK_R |k EPE | ||
| 952 | |0 0 |1 0 |4 0 |6 372_800000000000000_MIN_1998 |7 0 |8 R |9 318834 |a BIBEDU |b BIBEDU |d 2019-11-20 |i 4195507 |o 372.8 MIN 1998 |p 4195507 |r 2019-11-20 |w 2019-11-20 |y BK_R |k EBA | ||
| 952 | |0 0 |1 0 |4 0 |6 372_800000000000000_MIN_1998 |7 0 |8 R |9 318835 |a BIBEDU |b BIBEDU |d 2019-11-20 |i 4243404 |o 372.8 MIN 1998 |p 4243404 |r 2019-11-20 |w 2019-11-20 |y BK_R |k EBA | ||
| 952 | |0 0 |1 0 |4 0 |6 372_800000000000000_MIN_1998 |7 0 |8 R |9 318836 |a BIBEDU |b BIBEDU |d 2019-11-20 |i 4291166 |o 372.8 MIN 1998 |p 4291166 |r 2019-11-20 |w 2019-11-20 |y BK_R |k EBA | ||
| 952 | |0 0 |1 0 |4 0 |6 372_800000000000000_MIN_1998 |7 0 |8 R |9 318837 |a BIBEDU |b BIBEDU |d 2019-11-20 |i 4440153 |o 372.8 MIN 1998 |p 4440153 |r 2019-11-20 |w 2019-11-20 |y BK_R |k EPE | ||